000 00953nam a22002297a 4500
003 DO-SdBNP
005 20211213124303.0
007 ta
008 211201b2019 dr ||||| |||| 00| p spa d
020 _a9789945614275
040 _aDO-SdBNP
_bspa
_cBNPHU
100 1 _aMarchena Segura, Ana
_980789
245 1 0 _aDoledades /
_cAna Marchena Segura.
260 _aSanto Domingo :
_bSantuario,
_c2021.
300 _a141 p.
_b il. ;
_c23 cm.
500 _aIncluye datos biográficos de la autora en las solapas.
505 0 _aDesde la ventana, Ana Marchena mira como fluye su poesía líquida /
_rIrina Nemtchénok de Ardila
_tLa poesía de Ana Marchena es fuego que nunca se consume /
_rNeco Endara
_tLas Doledades de Ana Marchena /
_rAida*****
_tLos dulces acantilados de Ana Marchena (A modo de prólogo) /
_rRamón Saba.
590 _aInventariado, 2021 /LP
700 1 _aSaba, Ramón,
_epról.
_971165
910 _aLopérez.
942 _2ddc
_cLBS1
999 _c51083
_d51083